Eastern Utah Libraries Catalog: Duchesne, Heber, Roosevelt, & Vernal

Sometimes cake / (Record no. 369933)

MARC details
000 -LEADER
fixed length control field 01984nam a2200409 i 4500
001 - CONTROL NUMBER
control field 1245343791
005 - DATE AND TIME OF LATEST TRANSACTION
control field 20220201153412.0
007 - PHYSICAL DESCRIPTION FIXED FIELD--GENERAL INFORMATION
fixed length control field t||
008 - FIXED-LENGTH DATA ELEMENTS--GENERAL INFORMATION
fixed length control field 211222s2022 maua b 000 1 eng d
020 ## - INTERNATIONAL STANDARD BOOK NUMBER
International Standard Book Number 9781536217810
Qualifying information hardcover
035 ## - SYSTEM CONTROL NUMBER
System control number (OCoLC)1245343791
040 ## - CATALOGING SOURCE
Original cataloging agency TnLvILS
Language of cataloging eng
Transcribing agency TnLvILS
Description conventions rda
092 ## - LOCALLY ASSIGNED DEWEY CALL NUMBER (OCLC)
Classification number E Wyatt
100 1# - MAIN ENTRY--PERSONAL NAME
Personal name Wyatt, Edwina,
Relator term author.
Relator code aut.
9 (RLIN) 6439753
245 10 - TITLE STATEMENT
Title Sometimes cake /
Statement of responsibility, etc Edwina Wyatt ; illustrated by Tamsin Ainslie.
250 ## - EDITION STATEMENT
Edition statement First US edition.
264 #1 - Production, Publication, Distribution, Manufacture, and Copyright Notice.
Place of production, publication, distribution, manufacture Somerville, Massachusetts :
Name of producer, publisher, distributor, manufacturer Candlewick Press,
Date of production, publication, distribution, manufacture, or copyr 2022.
264 #4 - Production, Publication, Distribution, Manufacture, and Copyright Notice.
Place of production, publication, distribution, manufacture 0.
300 ## - PHYSICAL DESCRIPTION
Extent 1 volume (unpaged) :
Other physical details color illustrations ;
Dimensions 24 x 26 cm.
336 ## - Content Type
Content type term text
336 ## - Content Type
Content type term still image
337 ## - Media type
Media type term unmediated
338 ## - Carrier type
Carrier type term volume
500 ## - GENERAL NOTE
General note "First published by Walker Books Australia 2020"--Title page verso.
520 ## - SUMMARY, ETC.
Summary, etc "Sometimes it's your birthday. And sometimes it isn't. But even if it's not your birthday, it's still important to celebrate everyday things like Tuesdays, coconuts, and orange, and also yellow and lions. And monkeys. And purple. Friends Audrey and Lion find pleasure and solace in marking small moments together, with the help of balloons and confetti and drums and games and hats. For anyone who has ever wished for a birthday party every day of the year, this is a story about finding your own reasons to have cake--and to enjoy spending time with good friends."--
650 #0 - SUBJECT ADDED ENTRY--TOPICAL TERM
Topical term or geographic name as entry element Birthdays
Form subdivision Juvenile fiction.
9 (RLIN) 5675696
650 #0 - SUBJECT ADDED ENTRY--TOPICAL TERM
Topical term or geographic name as entry element Happiness
Form subdivision Juvenile fiction.
9 (RLIN) 5702432
650 #0 - SUBJECT ADDED ENTRY--TOPICAL TERM
Topical term or geographic name as entry element Friendship
Form subdivision Juvenile fiction.
9 (RLIN) 5673647
650 #0 - SUBJECT ADDED ENTRY--TOPICAL TERM
Topical term or geographic name as entry element Lion
Form subdivision Juvenile fiction.
9 (RLIN) 5716428
650 #1 - SUBJECT ADDED ENTRY--TOPICAL TERM
Topical term or geographic name as entry element Birthdays
Form subdivision Fiction.
9 (RLIN) 5678369
650 #1 - SUBJECT ADDED ENTRY--TOPICAL TERM
Topical term or geographic name as entry element Happiness
Form subdivision Fiction.
9 (RLIN) 5706261
650 #1 - SUBJECT ADDED ENTRY--TOPICAL TERM
Topical term or geographic name as entry element Friendship
Form subdivision Fiction.
9 (RLIN) 5673769
650 #1 - SUBJECT ADDED ENTRY--TOPICAL TERM
Topical term or geographic name as entry element Lion
Form subdivision Fiction.
9 (RLIN) 5736075
700 1# - ADDED ENTRY--PERSONAL NAME
Personal name Ainslie, Tamsin,
Relator term illustrator.
9 (RLIN) 6439754
907 ## - LOCAL DATA ELEMENT G, LDG (RLIN)
a .b460339515
942 ## - ADDED ENTRY ELEMENTS (KOHA)
Source of classification or shelving scheme Dewey Decimal Classification
Koha item type BOOK
Holdings
Withdrawn status Lost status Source of classification or shelving scheme Damaged status Not for loan Collection code Home library Current library Shelving location Date acquired Source of acquisition Total Checkouts Total Renewals Full call number Barcode Date last seen Date checked out Cost, replacement price Price effective from Koha item type
    Dewey Decimal Classification     Children Picture Books Wasatch County Library Wasatch County Library Main Floor Childrens Area 02/01/2022 Micromarketing 12 10 E Wyatt 34301001820481 03/18/2025 02/05/2025 17.99 02/01/2022 BOOK
This project was made possible through a grant from the Institute of Museum and Library Service administered by the Utah State Library Division.

Wasatch County Library

  • 465 East 1200 South, Heber City, Utah 84032
  • Phone 435-654-1511 | Fax 435-654-6456

Hours

  • Monday - Friday 9:30 AM - 8:00 PM
  • Saturday 9:30 AM - 1:30 PM
  • Closed Sundays and Holidays